Central Library OPAC University of Rajshahi
Normal view MARC view

Entry Personal Name

Number of records used in: 3

001 - CONTROL NUMBER

  • control field: 10808

003 - CONTROL NUMBER IDENTIFIER

  • control field: BD-RjUL

005 - DATE AND TIME OF LATEST TRANSACTION

  • control field: 20240114105330.0

008 - FIXED-LENGTH DATA ELEMENTS

  • fixed length control field: 240114|| aca||aabn | a|a d

040 ## - CATALOGING SOURCE

  • Original cataloging agency: BD-RjUL
  • Transcribing agency: BD-RjUL

100 ## - HEADING--PERSONAL NAME

  • Personal name: ‏كنكوهي، محمد فيض الحسن. ;; Kankūhī, Muḥammad Fayḍ al-Ḥasan

670 ## - SOURCE DATA FOUND

  • Source citation: Work cat.: (BD-RjUL)82599: ‏بهاري، محب الله بن عبد الشكور،‏ ;; Bahārī, Muḥibb Allāh ibn ʻAbd al-Shakūr, -1707 or 1708, author. 10806, مسلم الثبوت ؛ مع، حاشيته التعليق المنعوت ;; Musallam al-thubūt ma'a, hashiatuh alta'aliq almanaut/